00400nam a2200121 a 450000500170000000800410001705000220005810000240008024500200010426000350012499900190015995201000017820140414131849.0100727s19uu xx 00 eng d aM 323.4bK58 1997 aKing, Martin Luther aI have a dream. aNew York :bScholastic,c1997. c110084d110084 001040aMUbMUcMd2010-07-27l0oM 323.4 K58 1997pM0337r2014-04-14 00:00:00w2014-04-14yBK